[Event "Ekaterinburg Rapid op"]
[Site "Ekaterinburg"]
[Date "2023.08.11"]
[Round "5"]
[White "Danilenko, Denis O"]
[Black "Rogoznikov, Andrey"]
[Result "0-1"]
[WhiteElo "2057"]
[BlackElo "2258"]
[PlyCount "158"]
[EventDate "2023.08.11"]
[EventType "swiss (rapid)"]
[EventRounds "11"]
[EventCountry "RUS"]
[SourceTitle "CBM 215 Extra"]
[Source "ChessBase"]
[SourceDate "2023.09.30"]
[SourceVersion "1"]
[SourceVersionDate "2023.09.30"]
[SourceQuality "1"]

1. Nf3 c5 2. c4 Nc6 3. Nc3 e5 4. d3 g6 5. g3 Bg7 6. Bg2 Nge7 7. 0-0 0-0 8. Ne1 a6 9. Nc2 Rb8 10. Rb1 b5 11. b3 b4 12. Nd5 Nxd5 13. cxd5 Nd4 14. Bb2 d6 15. Ne3 a5 16. Bxd4 exd4 17. Nc4 Ra8 18. a4 bxa3 19. Nxa3 Ba6 20. Ra1 Qc7 21. Qc2 Rfb8 22. Ra2 Rb4 23. Rfa1 Bf6 24. Nb1 Bb5 25. Bf3 Bd8 26. Nd2 Qd7 27. Kg2 Rb8 28. Ra3 Ba6 29. R3a2 h5 30. h4 Kg7 31. Ra4 R4b7 32. R4a3 Rb4 33. Ra4 Qf5 34. Rxb4 Rxb4 35. Be4 Qg4 36. Bf3 Qd7 37. Qd1 Bc7 38. Qc2 Rb8 39. Nc4 Bxc4 40. Qxc4 Rb4 41. Qc2 Bd8 42. Ra4 Rb5 43. Ra3 Rb4 44. Ra4 Rb8 45. Ra3 Qb7 46. Qd1 Qb4 47. Qc1 Qc3 48. Qd1 Qb2 49. Qa1 Qxa1 50. Rxa1 Rxb3 51. Kf1 Rb2 52. Ke1 Kh6 53. Kd1 f6 54. Kc1 Rb4 55. Kc2 g5 56. Be4 Rb7 57. Rh1 a4 58. hxg5+ fxg5 59. Bf3 h4 60. Ra1 Ra7 61. Bg4 Kg6 62. Kb2 Ba5 63. Rh1 Bc3+ 64. Ka3 Bb4+ 65. Ka2 Rh7 66. Bf3 Kf6 67. Be4 Rh6 68. f4 h3 69. Kb2 gxf4 70. gxf4 h2 71. Kc2 Rh4 72. Kb2 Bd2 73. Ka3 Bxf4 74. Kxa4 Be3 75. Rf1+ Rf4 76. Rh1 Bg1 77. Kb5 Ke5 78. Kc6 Rxe4 79. dxe4 c4 0-1

[Event "Cheliabinsk Lozovatsky Memorial-A"]
[Site "Cheliabinsk"]
[Date "2023.02.04"]
[Round "9"]
[White "Ermakov, Maksim"]
[Black "Danilenko, Denis O"]
[Result "1/2-1/2"]
[WhiteElo "2167"]
[BlackElo "1996"]
[PlyCount "80"]
[EventDate "2023.01.27"]
[EventType "swiss"]
[EventRounds "10"]
[EventCountry "RUS"]
[SourceTitle "CBM 212 Extra"]
[Source "ChessBase"]
[SourceDate "2023.03.31"]
[SourceVersion "1"]
[SourceVersionDate "2023.03.31"]
[SourceQuality "1"]

1. Nf3 Nf6 2. d4 d5 3. e3 c5 4. c3 e6 5. Nbd2 Nbd7 6. Bd3 b6 7. 0-0 Bb7 8. Ne5 Bd6 9. f4 0-0 10. Qf3 Qe7 11. g4 Ne8 12. Qh3 g6 13. g5 f6 14. gxf6 Nexf6 15. Ndf3 Ne4 16. Bxe4 dxe4 17. Ng5 Bxe5 18. dxe5 Nxe5 19. Qxe6+ Qxe6 20. Nxe6 Rf6 21. Nxc5 bxc5 22. fxe5 Rxf1+ 23. Kxf1 Ba6+ 24. Kg2 Rd8 25. b3 Rd1 26. c4 Re1 27. Kf2 Rh1 28. Kg3 Rf1 29. Bb2 Rf3+ 30. Kg2 Rxe3 31. Rf1 Bc8 32. Kf2 Rf3+ 33. Kg1 Rd3 34. Bc1 Bf5 35. Ba3 Rd2 36. Re1 Rxa2 37. Bxc5 Rb2 38. Re3 a6 39. Bd4 Rd2 40. Bc3 Rd1+ 1/2-1/2

[Event "Cheliabinsk Lozovatsky Memorial-A"]
[Site "Cheliabinsk"]
[Date "2023.02.02"]
[Round "7"]
[White "Efremov, Vladislav"]
[Black "Danilenko, Denis O"]
[Result "1/2-1/2"]
[WhiteElo "2218"]
[BlackElo "1996"]
[PlyCount "53"]
[EventDate "2023.01.27"]
[EventType "swiss"]
[EventRounds "10"]
[EventCountry "RUS"]
[SourceTitle "CBM 212 Extra"]
[Source "ChessBase"]
[SourceDate "2023.03.31"]
[SourceVersion "1"]
[SourceVersionDate "2023.03.31"]
[SourceQuality "1"]

1. d4 Nf6 2. c4 e6 3. Nf3 Bb4+ 4. Nbd2 0-0 5. a3 Bxd2+ 6. Qxd2 b6 7. g3 Bb7 8. Bg2 d6 9. 0-0 Nbd7 10. b3 Be4 11. Bb2 a5 12. Rfd1 Re8 13. Qc3 Qe7 14. Bh3 h6 15. Nd2 Bb7 16. f3 c5 17. e4 Ba6 18. b4 axb4 19. axb4 cxd4 20. Qxd4 b5 21. Ra3 bxc4 22. Rda1 Bb7 23. Nxc4 d5 24. Na5 e5 25. Qd2 Nb6 26. exd5 Nbxd5 27. Re1 1/2-1/2

[Event "Cheliabinsk Lozovatsky Memorial-A"]
[Site "Cheliabinsk"]
[Date "2023.01.28"]
[Round "2"]
[White "Danilenko, Denis O"]
[Black "Rostovtsev, Dmitry"]
[Result "1/2-1/2"]
[WhiteElo "1996"]
[BlackElo "2305"]
[PlyCount "100"]
[EventDate "2023.01.27"]
[EventType "swiss"]
[EventRounds "10"]
[EventCountry "RUS"]
[SourceTitle "CBM 212 Extra"]
[Source "ChessBase"]
[SourceDate "2023.03.31"]
[SourceVersion "1"]
[SourceVersionDate "2023.03.31"]
[SourceQuality "1"]

1. d4 Nf6 2. c4 e6 3. Nf3 b6 4. a3 Ba6 5. Nbd2 Bb7 6. b4 a5 7. b5 d5 8. e3 Nbd7 9. Bb2 Bd6 10. Be2 0-0 11. 0-0 Ne4 12. a4 f5 13. Rc1 Qf6 14. Qc2 Qh6 15. g3 g5 16. cxd5 exd5 17. Nxe4 fxe4 18. Ne5 Nf6 19. f4 Bc8 20. Qd2 Bh3 21. Rf2 Qg7 22. Bf1 Bc8 23. Bg2 Ng4 24. Rff1 h5 25. Qe2 gxf4 26. gxf4 Kh7 27. h3 Nf6 28. Kh2 Rg8 29. Qf2 Bf5 30. Rh1 Qe7 31. Rcg1 Rg7 32. Bf1 Rag8 33. Nc6 Qe6 34. Rxg7+ Rxg7 35. Rg1 Rxg1 36. Qxg1 Qg8 37. Qf2 Kg7 38. Qh4 Kf7 39. Ne5+ Ke6 40. Be2 Be7 41. Qf2 Qh7 42. Qg1 h4 43. Bc3 Qg8 44. Qf2 Nd7 45. Ng4 Qh7 46. Qg1 Bg6 47. Qd1 Bh5 48. Be1 Bd8 49. Qc2 Qe7 50. Ne5 Bxe2 1/2-1/2

[Event "Cheliabinsk Variation-A"]
[Site "Cheliabinsk"]
[Date "2022.04.10"]
[Round "9"]
[White "Danilenko, Denis O"]
[Black "Asylov, Miras"]
[Result "1/2-1/2"]
[WhiteElo "2036"]
[BlackElo "2125"]
[PlyCount "57"]
[EventDate "2022.04.01"]
[EventType "swiss"]
[EventRounds "9"]
[EventCountry "RUS"]
[SourceTitle "CBM 207 Extra"]
[Source "ChessBase"]
[SourceDate "2022.05.31"]
[SourceVersion "1"]
[SourceVersionDate "2022.05.31"]
[SourceQuality "1"]

1. d4 Nf6 2. c4 g6 3. Nc3 Bg7 4. e4 d6 5. Be2 0-0 6. Be3 c5 7. d5 e6 8. f3 exd5 9. cxd5 a6 10. a4 Ne8 11. Qd2 Nd7 12. Nh3 Ne5 13. Nf2 f5 14. f4 Nf7 15. 0-0 b6 16. Kh1 Nf6 17. Rfe1 Re8 18. Bf3 Rb8 19. exf5 gxf5 20. Rab1 Rb7 21. Qd3 Rbe7 22. Bd2 Rxe1+ 23. Rxe1 Rxe1+ 24. Bxe1 Nh8 25. g3 Qe8 26. Bd2 Ng6 27. Kg2 Ne7 28. Nfd1 Qd7 29. Ne3 1/2-1/2

[Event "Cheliabinsk Variation-A"]
[Site "Cheliabinsk"]
[Date "2022.04.08"]
[Round "7"]
[White "Novitzkij, Dmitrij"]
[Black "Danilenko, Denis O"]
[Result "1-0"]
[WhiteElo "2283"]
[BlackElo "2036"]
[PlyCount "127"]
[EventDate "2022.04.01"]
[EventType "swiss"]
[EventRounds "9"]
[EventCountry "RUS"]
[SourceTitle "CBM 207 Extra"]
[Source "ChessBase"]
[SourceDate "2022.05.31"]
[SourceVersion "1"]
[SourceVersionDate "2022.05.31"]
[SourceQuality "1"]

1. Nf3 e6 2. b3 b5 3. g3 Bb7 4. Bg2 Nf6 5. 0-0 c5 6. Bb2 Be7 7. d3 0-0 8. c4 b4 9. Nbd2 d6 10. Qc2 Nc6 11. e3 Qc7 12. Rad1 Nb8 13. d4 Nbd7 14. e4 cxd4 15. Nxd4 Rfd8 16. Rfe1 Qb6 17. Nf1 Nc5 18. h3 Bf8 19. g4 e5 20. Nf5 g6 21. N5g3 Bh6 22. Bc1 Bxc1 23. Qxc1 Ne6 24. Qh6 Rd7 25. Ne3 Qd8 26. g5 Ne8 27. h4 Nf4 28. Bf3 f6 29. Bg4 Rc7 30. Ng2 Bc8 31. Bxc8 Qxc8 32. Ne3 fxg5 33. hxg5 Qh3 34. Ne2 Qxh6 35. gxh6 Nh3+ 36. Kg2 Ng5 37. Nd5 Rf7 38. Nxb4 Nxe4 39. f3 Ng5 40. Rf1 Ne6 41. Nd5 a5 42. Ng3 a4 43. Nb6 Nf4+ 44. Kh2 Ra6 45. Nxa4 Nf6 46. Rd2 Ne6 47. Nc3 Nd4 48. Nb5 Nxb5 49. cxb5 Rb6 50. a4 d5 51. Rc1 d4 52. Rc5 Nd7 53. Rd5 g5 54. a5 Rxh6+ 55. Kg2 Re6 56. Ne4 g4 57. Ng5 gxf3+ 58. Kf1 e4 59. Nxe6 e3 60. R5xd4 f2 61. Rf4 Re7 62. Rxd7 Rxe6 63. Ke2 Rg6 64. Rc4 1-0

[Event "Cheliabinsk Lozovatsky Memorial-A"]
[Site "Cheliabinsk"]
[Date "2022.01.30"]
[Round "9"]
[White "Mikheeva, Galina"]
[Black "Danilenko, Denis O"]
[Result "1/2-1/2"]
[WhiteElo "2011"]
[BlackElo "2011"]
[PlyCount "54"]
[EventDate "2022.01.22"]
[EventType "swiss"]
[EventRounds "10"]
[EventCountry "RUS"]
[SourceTitle "EXT 2023"]
[Source "ChessBase"]
[SourceDate "2022.10.05"]
[SourceVersion "1"]
[SourceVersionDate "2022.10.05"]
[SourceQuality "1"]

1. e4 e6 2. d4 d5 3. e5 c5 4. c3 Nc6 5. Nf3 Bd7 6. Be2 Rc8 7. 0-0 cxd4 8. cxd4 a6 9. Be3 Nge7 10. Nbd2 Nf5 11. Rc1 Be7 12. a3 0-0 13. b4 Na7 14. Rxc8 Qxc8 15. Qa1 Bb5 16. Bxb5 Nxb5 17. Rc1 Qb8 18. Nb3 b6 19. Bd2 Rc8 20. g4 Nh6 21. h3 Rc4 22. Qb2 Qc8 23. Kg2 Rxc1 24. Nxc1 Qc4 25. a4 Na7 26. Be3 Qc6 27. Qb3 f5 1/2-1/2

[Event "EU-ch Schools U15"]
[Site "Tornelo INT"]
[Date "2021.12.12"]
[Round "8"]
[White "Safarov, Deniel"]
[Black "Danilenko, Denis O"]
[Result "1/2-1/2"]
[WhiteElo "1880"]
[BlackElo "2011"]
[PlyCount "115"]
[EventDate "2021.12.03"]
[EventType "swiss (rapid)"]
[EventRounds "7"]
[EventCountry "NET"]
[SourceTitle "EXT 2023"]
[Source "ChessBase"]
[SourceDate "2022.10.05"]
[SourceVersion "1"]
[SourceVersionDate "2022.10.05"]
[SourceQuality "1"]

1. e4 c6 2. d4 d5 3. Nd2 dxe4 4. Nxe4 Nf6 5. Nxf6+ exf6 6. c3 Bd6 7. Bd3 h5 8. Qc2 Kf8 9. Ne2 g6 10. Be3 Kg7 11. h3 Na6 12. 0-0 Nc7 13. c4 Be6 14. Nf4 Rc8 15. Nxe6+ Nxe6 16. Rad1 Bb8 17. Be4 Ng5 18. Bxg5 fxg5 19. d5 Qd6 20. Qc3+ Kh7 21. f4 c5 22. Qf3 gxf4 23. Qxh5+ Kg7 24. Qf3 Rce8 25. Rde1 Qe5 26. Qc3 Qxc3 27. bxc3 Be5 28. Rf3 Bd6 29. Kf2 g5 30. Bf5 Kf6 31. Bg4 Rxe1 32. Kxe1 Re8+ 33. Kd2 Kg6 34. Bd7 Re4 35. Kd3 Re1 36. a4 Be5 37. Kd2 Ra1 38. Ke2 Ra2+ 39. Kf1 Rc2 40. g4 Kf6 41. Bf5 Rc1+ 42. Ke2 Ke7 43. Bc8 Ra1 44. Bxb7 Rxa4 45. Kd3 f6 46. Rf2 Ra3 47. Rc2 a5 48. Bc6 a4 49. Ke4 Bxc3 50. Kf5 Bd4 51. Re2+ Re3 52. Rd2 a3 53. h4 f3 54. h5 f2 55. Rxf2 Re5+ 56. Kg6 Bxf2 57. h6 Re1 58. h7 1/2-1/2

[Event "EU-ch Schools U15"]
[Site "Tornelo INT"]
[Date "2021.12.12"]
[Round "9"]
[White "Safarov, Deniel"]
[Black "Danilenko, Denis O"]
[Result "0-1"]
[WhiteElo "1880"]
[BlackElo "2011"]
[PlyCount "100"]
[EventDate "2021.12.03"]
[EventType "swiss (rapid)"]
[EventRounds "7"]
[EventCountry "NET"]
[SourceTitle "EXT 2023"]
[Source "ChessBase"]
[SourceDate "2022.10.05"]
[SourceVersion "1"]
[SourceVersionDate "2022.10.05"]
[SourceQuality "1"]

1. e4 c6 2. d4 d5 3. Nd2 dxe4 4. Nxe4 Nf6 5. Nxf6+ exf6 6. c3 Bd6 7. Bd3 h5 8. Qc2 Kf8 9. Ne2 g6 10. Be3 Kg7 11. 0-0 Na6 12. Rad1 Be6 13. Nf4 Bxf4 14. Bxf4 b5 15. a4 Qb6 16. Rfe1 b4 17. a5 Qb7 18. c4 b3 19. Qb1 Rae8 20. h3 Nb4 21. Bf1 Nc2 22. a6 Qd7 23. Re2 Nxd4 24. Red2 c5 25. Be3 Bf5 26. Qa1 Bc2 27. Bxd4 cxd4 28. Rxd4 Qc6 29. R1d2 Re6 30. Qa5 Rhe8 31. Bd3 Re1+ 32. Kh2 Bxd3 33. R2xd3 R1e2 34. Rd2 R2e6 35. Qc3 Qxa6 36. Qxb3 Qc6 37. Qc3 Qc7+ 38. g3 Re2 39. Rd5 R2e6 40. c5 Rc6 41. Rd7 Qe5 42. Qc4 Qe6 43. Qxe6 Rexe6 44. R7d6 Rxc5 45. Rxe6 fxe6 46. b4 Rd5 47. Rxd5 exd5 48. b5 Kf7 49. b6 axb6 50. Kg2 b5 0-1

[Event "EU-ch Schools U15"]
[Site "Tornelo INT"]
[Date "2021.12.05"]
[Round "7"]
[White "Danilenko, Denis O"]
[Black "Safarov, Deniel"]
[Result "1/2-1/2"]
[WhiteElo "2011"]
[BlackElo "1880"]
[PlyCount "34"]
[EventDate "2021.12.03"]
[EventType "swiss (rapid)"]
[EventRounds "7"]
[EventCountry "NET"]
[SourceTitle "EXT 2023"]
[Source "ChessBase"]
[SourceDate "2022.10.05"]
[SourceVersion "1"]
[SourceVersionDate "2022.10.05"]
[SourceQuality "1"]

1. d4 Nf6 2. c4 g6 3. Nc3 Bg7 4. e4 d6 5. Be2 0-0 6. Be3 e5 7. d5 c6 8. g4 cxd5 9. cxd5 a6 10. a4 Nbd7 11. f3 h5 12. g5 Nh7 13. h4 f6 14. Nh3 Nb8 15. Qd2 f5 16. a5 fxe4 17. fxe4 Bg4 1/2-1/2

[Event "EU-ch Schools U15"]
[Site "Tornelo INT"]
[Date "2021.12.04"]
[Round "4"]
[White "Talibov, Shiroghlan"]
[Black "Danilenko, Denis O"]
[Result "1-0"]
[WhiteElo "2335"]
[BlackElo "2011"]
[PlyCount "193"]
[EventDate "2021.12.03"]
[EventType "swiss (rapid)"]
[EventRounds "7"]
[EventCountry "NET"]
[SourceTitle "EXT 2023"]
[Source "ChessBase"]
[SourceDate "2022.10.05"]
[SourceVersion "1"]
[SourceVersionDate "2022.10.05"]
[SourceQuality "1"]

1. c4 Nf6 2. Nc3 d6 3. d4 Nbd7 4. g3 e5 5. Bg2 c6 6. e4 Be7 7. Nge2 0-0 8. 0-0 a6 9. a4 a5 10. h3 exd4 11. Nxd4 Nc5 12. b3 Re8 13. Re1 Bf8 14. Kh2 g6 15. Ba3 Bg7 16. Rb1 Qc7 17. Qd2 Nfd7 18. f4 h5 19. Kh1 Nf8 20. Red1 Na6 21. Nde2 Nb4 22. Qxd6 Qxd6 23. Rxd6 Ne6 24. Rbd1 Nc5 25. e5 Nxb3 26. Rb1 Nc5 27. Bxb4 axb4 28. Rxb4 Bf8 29. Rd2 Bf5 30. Rbb2 Nxa4 31. Nxa4 Rxa4 32. Nd4 Ra1+ 33. Kh2 Bc8 34. Ra2 Rc1 35. Rdc2 Rxc2 36. Nxc2 Rd8 37. Ne1 Be6 38. Rc2 Rd4 39. Rb2 Rd7 40. Rc2 Bh6 41. h4 Bf8 42. Bh3 Bc5 43. Bxe6 fxe6 44. Nf3 Be7 45. Rb2 Kf7 46. Kg2 Ke8 47. Kf2 Kd8 48. Ke2 Kc7 49. Ra2 Rd8 50. Ra1 Kb6 51. Rb1+ Kc7 52. Ra1 Kb6 53. Ke3 Bc5+ 54. Ke4 Kc7 55. Rb1 Rd7 56. Rc1 Rd8 57. Rc2 Rd7 58. Rb2 Rd8 59. Rb3 Rd7 60. Ng5 Re7 61. Rd3 Re8 62. Rd2 Re7 63. Ra2 Re8 64. Ra5 Kb6 65. Ra2 Kc7 66. Rb2 Re7 67. Rc2 Re8 68. Kf3 Kd7 69. Ne4 Be7 70. Rd2+ Kc7 71. g4 b5 72. cxb5 cxb5 73. gxh5 gxh5 74. Ng3 Bxh4 75. Nxh5 b4 76. Rb2 Be1 77. Ke4 Bc3 78. Rg2 Rb8 79. Kd3 Kc6 80. Kc4 Rf8 81. Rg6 Kd7 82. Rg7+ Kd8 83. Nf6 Kc8 84. Re7 Bd2 85. Rxe6 Bxf4 86. Nd5 Bd2 87. Rc6+ Kd7 88. Rd6+ Kc8 89. Ne7+ Kc7 90. Rxd2 Re8 91. Nd5+ Kc6 92. Re2 b3 93. Nb4+ Kb6 94. Kxb3 Kc5 95. Kc3 Re6 96. Nd3+ Kd5 97. Nf4+ 1-0

[Event "EU-ch Schools U15"]
[Site "Tornelo INT"]
[Date "2021.12.04"]
[Round "5"]
[White "Tarling, Adam"]
[Black "Danilenko, Denis O"]
[Result "0-1"]
[WhiteElo "1384"]
[BlackElo "2011"]
[PlyCount "124"]
[EventDate "2021.12.03"]
[EventType "swiss (rapid)"]
[EventRounds "7"]
[EventCountry "NET"]
[SourceTitle "EXT 2023"]
[Source "ChessBase"]
[SourceDate "2022.10.05"]
[SourceVersion "1"]
[SourceVersionDate "2022.10.05"]
[SourceQuality "1"]

1. e4 c6 2. d4 d5 3. exd5 cxd5 4. c4 Nf6 5. Nc3 Nc6 6. Nf3 Bg4 7. cxd5 Nxd5 8. Qb3 Bxf3 9. gxf3 Nb6 10. d5 Nd4 11. Bb5+ Nd7 12. Qa4 Nxf3+ 13. Ke2 Nfe5 14. f4 Ng4 15. Ne4 a6 16. Bxd7+ Qxd7 17. Qxd7+ Kxd7 18. Bd2 Rc8 19. Rac1 Rxc1 20. Rxc1 e6 21. dxe6+ fxe6 22. Ba5 Nf6 23. Rc7+ Ke8 24. Nxf6+ gxf6 25. Rxb7 Rg8 26. Kf3 Rg7 27. Rb6 Rg1 28. Rxe6+ Kf7 29. Rxa6 Rf1+ 30. Kg3 Bh6 31. Bc7 Rc1 32. Ra7 Kg6 33. a4 Kf5 34. Ra5+ Ke4 35. Bd6 Rc6 36. Bb8 Rb6 37. Rb5 Rxb8 38. Rxb8 Bxf4+ 39. Kg4 Bxb8 40. b4 f5+ 41. Kh3 Kd4 42. b5 Kc5 43. Kh4 Kb4 44. Kg5 f4 45. Kg4 Kxa4 46. b6 Kb5 47. b7 Kc6 48. h4 Kxb7 49. Kf3 Kc6 50. Kg4 Kd5 51. Kf3 Ke5 52. Kg2 Ke4 53. Kf2 f3 54. Ke1 Ke3 55. Kf1 Bg3 56. Kg1 Ke2 57. h5 f2+ 58. Kg2 f1Q+ 59. Kxg3 Qf3+ 60. Kh2 Qg4 61. Kh1 Kf2 62. h6 Qh4# 0-1

[Event "Cheliabinsk Panchenko Memorial op-A"]
[Site "Cheliabinsk"]
[Date "2021.09.17"]
[Round "5"]
[White "Trofimov, Pavel"]
[Black "Danilenko, Denis O"]
[Result "1/2-1/2"]
[WhiteElo "2157"]
[BlackElo "1882"]
[PlyCount "145"]
[EventDate "2021.09.13"]
[EventType "swiss"]
[EventRounds "10"]
[EventCountry "RUS"]
[SourceTitle "CBM 204 Extra"]
[Source "ChessBase"]
[SourceDate "2021.11.30"]
[SourceVersion "1"]
[SourceVersionDate "2021.11.30"]
[SourceQuality "1"]

1. d4 e6 2. c4 f5 3. Nc3 Nf6 4. Bf4 Bb4 5. Qb3 Bxc3+ 6. Qxc3 0-0 7. f3 d6 8. e3 Qe7 9. Bd3 Nbd7 10. Ne2 Nh5 11. 0-0-0 Nxf4 12. Nxf4 Nf6 13. Kb1 c6 14. h3 e5 15. Ne2 Re8 16. Ng3 e4 17. fxe4 fxe4 18. Bc2 d5 19. Bb3 Be6 20. Ne2 dxc4 21. Bxc4 Bxc4 22. Qxc4+ Nd5 23. Nf4 Qf7 24. Qb3 Nxf4 25. Qxf7+ Kxf7 26. Rhf1 Re7 27. Rxf4+ Ke8 28. Kc2 Rd8 29. Rdf1 Kd7 30. Kc3 Rde8 31. Kc4 Kd6 32. Rf8 b5+ 33. Kb4 a5+ 34. Kc3 Ke6 35. R8f5 Kd6 36. Rh5 g6 37. Rc5 Re6 38. a4 Rb8 39. axb5 Rxb5 40. Rxb5 cxb5 41. Ra1 a4 42. Rf1 Kd5 43. Kb4 Rc6 44. Rf2 Rb6 45. Rc2 Rf6 46. Kxb5 Rf1 47. Re2 Ra1 48. Kb4 Kd6 49. Kc4 Rc1+ 50. Kb5 Ra1 51. Rd2 a3 52. b4 Re1 53. Kc4 Rxe3 54. b5 Rd3 55. Re2 Rg3 56. d5 Kc7 57. Rxe4 a2 58. Re7+ Kb8 59. Re1 Kc7 60. Rf1 Rxg2 61. Rf7+ Kb8 62. Rf1 Rc2+ 63. Kb3 Rc5 64. Kxa2 Rxd5 65. Rf7 Rxb5 66. Rxh7 Rh5 67. Rxh5 gxh5 68. Kb3 Kc7 69. Kc4 Kd6 70. Kd4 Ke6 71. Ke4 Kf6 72. Kf4 Kg6 73. h4 1/2-1/2

[Event "Cheliabinsk Panchenko Memorial op-A"]
[Site "Cheliabinsk"]
[Date "2021.09.14"]
[Round "2"]
[White "Danilenko, Denis O"]
[Black "Bublei, Pavel"]
[Result "0-1"]
[WhiteElo "1882"]
[BlackElo "2337"]
[PlyCount "118"]
[EventDate "2021.09.13"]
[EventType "swiss"]
[EventRounds "10"]
[EventCountry "RUS"]
[SourceTitle "CBM 204 Extra"]
[Source "ChessBase"]
[SourceDate "2021.11.30"]
[SourceVersion "1"]
[SourceVersionDate "2021.11.30"]
[SourceQuality "1"]

1. d4 Nf6 2. c4 e6 3. Nf3 a6 4. Nc3 Bb4 5. Qc2 d5 6. cxd5 exd5 7. Bg5 h6 8. Bxf6 Qxf6 9. a3 Bxc3+ 10. Qxc3 c6 11. e3 0-0 12. Bd3 Bh3 13. 0-0 Nd7 14. Rac1 Rfe8 15. Kh1 Bf5 16. Qc2 Be4 17. Nd2 Bxd3 18. Qxd3 Re7 19. b4 Qd6 20. Rb1 Nf6 21. a4 Re6 22. Qf5 g6 23. Qh3 Kg7 24. Nb3 Re7 25. Nd2 a5 26. Qg3 Qd7 27. b5 Rc8 28. Qf3 c5 29. dxc5 Rxc5 30. Nb3 Rc4 31. Nxa5 Rxa4 32. Nb3 Qxb5 33. Nd4 Qa6 34. Rfd1 Ne4 35. Rb2 Ra2 36. Rxa2 Qxa2 37. Kg1 Nc3 38. Rc1 Re4 39. Re1 Qd2 40. Ra1 Qb2 41. Re1 Qb4 42. g3 Nb5 43. Nc2 Qc5 44. Qd1 Kg8 45. Na1 Qc3 46. Kg2 d4 47. Qb1 Qc6 48. f3 Rxe3 49. Rxe3 dxe3 50. Qd3 Qc3 51. Qxc3 Nxc3 52. Nc2 Nd5 53. Kf1 f5 54. Ke2 Kf7 55. Kd3 Ke6 56. Nd4+ Kd6 57. f4 h5 58. h4 b6 59. Nf3 Kc5 0-1

[Event "Cheliabinsk Panchenko Memorial op-A"]
[Site "Cheliabinsk"]
[Date "2020.09.15"]
[Round "9"]
[White "Danilenko, Denis O"]
[Black "Efremov, Vladislav"]
[Result "0-1"]
[WhiteElo "1887"]
[BlackElo "2188"]
[PlyCount "146"]
[EventDate "2020.09.07"]
[EventType "swiss"]
[EventRounds "9"]
[EventCountry "RUS"]
[SourceTitle "CBM 198 Extra"]
[Source "ChessBase"]
[SourceDate "2020.11.30"]
[SourceVersion "1"]
[SourceVersionDate "2020.11.30"]
[SourceQuality "1"]

1. d4 d5 2. Nf3 Nf6 3. Bf4 e6 4. c3 c5 5. e3 Nc6 6. Nbd2 cxd4 7. exd4 Nh5 8. Bg5 f6 9. Bh4 Nf4 10. Bg3 Bd6 11. Bxf4 Bxf4 12. g3 Bd6 13. Bg2 0-0 14. 0-0 b6 15. Re1 Qc7 16. Nf1 Qf7 17. Ne3 Bb7 18. Qd2 Rfe8 19. Rad1 Rac8 20. Qd3 Na5 21. Nd2 a6 22. c4 dxc4 23. Ndxc4 Nxc4 24. Nxc4 Bb4 25. Re2 Bxg2 26. Kxg2 b5 27. Ne3 Rcd8 28. a3 Ba5 29. Qe4 Rd6 30. Nf5 Rdd8 31. Ne3 Bb6 32. Qc6 Qc7 33. Qxc7 Bxc7 34. Red2 Rd6 35. Kf3 Red8 36. d5 Bb6 37. Ke4 f5+ 38. Ke5 Bc7 39. Kd4 e5+ 40. Kc3 g6 41. a4 Ba5+ 42. b4 Bb6 43. a5 Ba7 44. Kb3 Rc8 45. Rc2 Rxc2 46. Kxc2 Kf7 47. Kb3 Ke7 48. h4 h5 49. Rd2 Rd7 50. Nd1 Bd4 51. Nc3 Bxc3 52. Kxc3 Kd6 53. f4 Rc7+ 54. Kd3 e4+ 55. Ke2 Rc3 56. Rd1 Rc4 57. Rb1 Kxd5 58. Rd1+ Rd4 59. Rc1 Rxb4 60. Rc7 Ra4 61. Rg7 Rxa5 62. Rxg6 b4 63. Rb6 Rb5 64. Rxa6 b3 65. Ra1 b2 66. Rb1 Kc4 67. Kd2 Kb3 68. Ke3 Kc2 69. Rxb2+ Kxb2 70. g4 hxg4 71. h5 Kc3 72. h6 Rb7 73. Ke2 Rh7 0-1

[Event "Cheliabinsk Panchenko Memorial op-A"]
[Site "Cheliabinsk"]
[Date "2020.09.13"]
[Round "7"]
[White "Danilenko, Denis O"]
[Black "Suvorov, Aleksandr1111"]
[Result "1/2-1/2"]
[WhiteElo "1887"]
[BlackElo "2180"]
[PlyCount "47"]
[EventDate "2020.09.07"]
[EventType "swiss"]
[EventRounds "9"]
[EventCountry "RUS"]
[SourceTitle "CBM 198 Extra"]
[Source "ChessBase"]
[SourceDate "2020.11.30"]
[SourceVersion "1"]
[SourceVersionDate "2020.11.30"]
[SourceQuality "1"]

1. d4 d5 2. Nf3 Nf6 3. Bg5 e6 4. e3 Be7 5. Nbd2 0-0 6. Bd3 Nbd7 7. c3 c5 8. 0-0 h6 9. Bh4 b6 10. Qe2 Bb7 11. Ba6 Bxa6 12. Qxa6 Qc7 13. Qd3 Rfd8 14. a4 e5 15. dxe5 Nxe5 16. Nxe5 Qxe5 17. Bxf6 Bxf6 18. Nf3 Qc7 19. Rfd1 Qc6 20. Qb5 Qe6 21. a5 g5 22. axb6 axb6 23. h3 h5 24. Qe2 1/2-1/2

[Event "Cheliabinsk Panchenko Memorial op-A"]
[Site "Cheliabinsk"]
[Date "2020.09.08"]
[Round "2"]
[White "Vetokhin, Savva"]
[Black "Danilenko, Denis O"]
[Result "1-0"]
[WhiteElo "2349"]
[BlackElo "1887"]
[PlyCount "35"]
[EventDate "2020.09.07"]
[EventType "swiss"]
[EventRounds "9"]
[EventCountry "RUS"]
[SourceTitle "CBM 198 Extra"]
[Source "ChessBase"]
[SourceDate "2020.11.30"]
[SourceVersion "1"]
[SourceVersionDate "2020.11.30"]
[SourceQuality "1"]

1. e4 e6 2. d4 d5 3. Nc3 Nf6 4. e5 Nfd7 5. f4 c5 6. Nf3 Nc6 7. Be3 Qb6 8. Na4 Qa5+ 9. c3 c4 10. b4 Qa6 11. Be2 b5 12. Nb2 Be7 13. 0-0 0-0 14. Qc2 f5 15. a4 Qb6 16. a5 Qc7 17. Nd1 Ba6 18. Ng5 1-0

[Event "Cheliabinsk Panchenko Memorial op"]
[Site "Cheliabinsk"]
[Date "2019.09.12"]
[Round "4"]
[White "Danilenko, Denis O"]
[Black "Safin, Timur"]
[Result "0-1"]
[WhiteElo "1650"]
[BlackElo "2148"]
[PlyCount "60"]
[EventDate "2019.09.09"]
[EventType "swiss"]
[EventRounds "9"]
[EventCountry "RUS"]
[SourceTitle "EXT 2020"]
[Source "ChessBase"]
[SourceDate "2019.10.17"]
[SourceVersion "1"]
[SourceVersionDate "2019.10.17"]
[SourceQuality "1"]

1. d4 Nf6 2. c4 e6 3. Nc3 d5 4. Nf3 Be7 5. cxd5 exd5 6. Bg5 0-0 7. e3 h6 8. Bh4 c6 9. Qc2 Ne4 10. Bxe7 Qxe7 11. Nxe4 dxe4 12. Ne5 Nd7 13. Nxd7 Bxd7 14. Bc4 Kh8 15. 0-0 Rae8 16. Kh1 f5 17. Rae1 f4 18. exf4 Rxf4 19. Re3 Qd6 20. Qd2 b5 21. Bb3 c5 22. g3 Rf6 23. Rd1 c4 24. Bc2 Bg4 25. Rf1 Bf3+ 26. Kg1 Qd7 27. Bd1 Qh3 28. Bxf3 exf3 29. Rxe8+ Kh7 30. Qc2+ Rg6 0-1